000 01051 a2200253 4500
003 Nust
005 20170207165831.0
010 _a 2004048878
020 _a1403901708 (cloth)
040 _cNust
082 0 0 _a658.8343
100 1 _aDennis, Charles
245 1 0 _aObjects of desire (E-BOOK)
_bconsumer behaviour in shopping centre choices /
_cCharles Dennis with Andrew Newman and David Marsland.
260 _aHoundmills, Basingstoke, Hampshire ;
_aNew York :
_bPalgrave Macmillan,
_c2005.
300 _axvii, 271 p. :
_bill., maps ;
_c23 cm.
650 0 _aConsumer behavior.
650 0 _aConsumers' preferences.
650 0 _aShopping centers
_xMarketing.
700 1 _aMarsland, David.
700 1 _aNewman, Andrew J.
_d1948-
856 4 2 _3Contributor biographical information
_uhttp://www.loc.gov/catdir/enhancements/fy0618/2004048878-b.html
856 4 2 _3Publisher description
_uhttp://www.loc.gov/catdir/enhancements/fy0618/2004048878-d.html
856 4 2 _3Table of contents only
_uhttp://www.loc.gov/catdir/enhancements/fy0618/2004048878-t.html
942 _2ddc
_cBK
999 _c213284
_d213284